000 00771cab a22001935a 4500
001 L152745
008 110419e20110826xxk 000 0 eng d
035 _a(Sirsi) u152745
041 0 _aeng
100 1 _aShorter, Rebecca
245 0 0 _aCase clarifies contract liabilities
_ba recent judgement has addressed the issue of how contractors are liable for defective work
260 _c2011
490 _aConstruction News
_v(7213) 14 April 2011, 35(1)
520 _aThe judgement of the recent Court of Appeal case of Robinson v Jones gave some much-needed guidance on concurrent liabilities under contract and tort.
590 _aKA
651 4 _aUnited Kingdom
_y
690 _aBUILT ENVIRONMENT-CONSTRUCTION MANAGEMENT-BUILDING CONTRACT ADMINISTRATION
942 _n0
999 _c83076
_d83076